| 000 | 00622nam a22001697a 4500 | ||
|---|---|---|---|
| 003 | OSt | ||
| 005 | 20170105102935.0 | ||
| 020 | _a96940469 | ||
| 040 | _a0 | ||
| 082 |
_a301.072 _bZUB 2013 |
||
| 100 | _aZubairy, Nisar Ahmed | ||
| 245 |
_aTahqeeq kay Tariky _cNisar Ahmed Zubairy |
||
| 260 |
_aKarachi _bUniversity of Karachi _c2013 |
||
| 300 | _a510 | ||
| 650 | _aWhat & Why of Research, Scientific point of view,Types of Research, Measurement, Research Process, Hypothesis, Historiography, Survey of Measurement, Sampling, Contents Analysis, Case Study , Experiment Method, Introductory Statistics, SPSS | ||
| 942 |
_2ddc _cBK |
||
| 999 |
_c16221 _d16221 |
||